Statistics for Tokio Hotel - Don't jump

Click here to take the quiz!

General Stats

  • This quiz has been taken 51 times
  • The average score is 212 of 261

Answer Stats

Answer% Correct
The
100%
the
100%
don't
97%
Don't
97%
jump
97%
you
97%
You
97%
a
95%
I
95%
to
95%
And
92%
and
92%
for
92%
in
92%
it
92%
night
92%
On
92%
roof
92%
scream
92%
is
89%
of
89%
top
89%
cold
86%
into
86%
light
86%
make
86%
no
86%
so
86%
true
86%
air
84%
calm
84%
your
84%
eyes
81%
me
81%
wil
81%
hear
78%
not
78%
city
76%
down
76%
guide
76%
let
76%
name
76%
now
76%
right
76%
silence
76%
through
76%
wanna
76%
will
76%
go
73%
say
73%
are
70%
but
70%
can
70%
can't
70%
deceiving
70%
memories
70%
Please
70%
promise
70%
tears
70%
They're
70%
counting
68%
falling
68%
I'll
68%
open
68%
Each
65%
found
65%
Just
65%
just
65%
never
65%
one
65%
there
65%
know
62%
lights
62%
remember
62%
what
62%
world
62%
all
59%
back
59%
everything
59%
falls
59%
feel
59%
hold
59%
more
59%
out
59%
quietly
59%
snow
59%
that
59%
if
57%
again
54%
chance
54%
hand
54%
over
54%
Then
54%
view
54%
dream
51%
end
51%
give
51%
how
51%
lost
51%
pain
51%
start
51%
take
51%
long
49%
my
49%
Somewhere
49%
yourself
49%
strong
43%

Score Distribution

Percentile by Number Answered

Percent of People with Each Score

Your Score History

You have not taken this quiz